| 000 | 00338nam a2200133 a 4500 | ||
|---|---|---|---|
| 001 | 5157 | ||
| 003 | CDMR | ||
| 005 | 20130116135305.0 | ||
| 008 | 130130s1986||||||||||||||||||||||||||||d | ||
| 040 |
_aCDMR _bcat _cCDMR |
||
| 245 | 0 | _aLlei, Decret i Reglament dels Col.legis Professionals | |
| 260 |
_c1986 _bGeneralitat de Catalunya |
||
| 942 | _cMON | ||
| 999 |
_c5157 _d5157 |
||